000 00512nam a2200217Ia 4500
005 20251020182506.0
008 200515s9999 xx 000 0 und d
020 _a978-84-252-2252-8
082 _a628.398/L23
110 _aEditorial Gustavo Gili, SL.
245 0 _a¿De quién es el agua?
260 _aBarcelona
260 _bEditorial Gustavo Gili, SL.
260 _c2008
300 _a533 p.
300 _bfot., col.
500 _a1 ejemplar
650 _aAGUA
942 _cLIB
999 _c1302
_d1302